00370nam a2200133Ia 4500008004100000020000900041040001500050041001200065082001700077100001600094245006700110260004800177300001100225230917s9999||||xx |||||||||||||| ||und|| cPOU5 e6846aMAIN aEnglish a301.045 K46M aKerr, Clark 0aMarshall, Marx and modern times: The multi-dimensional society aCambridgebCambridge University Pressc1969 a138 p.